Solární tepelná technika /

Gespeichert in:
Bibliographische Detailangaben
1. Verfasser: Cihelka, Jaromír (Verfasst von)
Format: Buch
Sprache:Tschechisch
Veröffentlicht: Praha : T.Malina, 1994
Schlagworte:
Tags: Tag hinzufügen
Keine Tags, Fügen Sie das erste Tag hinzu!

MARC

LEADER 00000nam a22000003a 4500
001 stu30197
005 20150617225735.2
008 970408s1994----cs------------------cze-d
020 |a 80-900759-5-9 
040 |a STU  |b slo 
041 0 |a cze 
044 |a cs 
080 |a 621.311.28 
080 |a 621.383 
080 |a 620.9 
080 |a 523.9 
100 1 |a Cihelka, Jaromír  |4 aut 
245 1 |a Solární tepelná technika /  |c [aut]Cihelka,Jaromír 
260 |a Praha :  |b T.Malina,  |c 1994 
300 |a 203 s 
650 7 |a energetické hospodárstvo  |2 stusub 
650 7 |a Fyzika Slnka  |2 stusub 
996 |b 284V026868  |c V*44158/O-19234  |l VVT  |s A  |a 24  |w stu30197_0002 
996 |b 284V008290  |c V*44159/O-19234a  |l VVS  |s A  |a 24  |w stu30197_0003 
996 |b 284V008289  |c V*44160/O-19234b  |l VVS  |s A  |a 24  |w stu30197_0004 
996 |b 284V008291  |c V*44161/O-19234c  |l VVS  |s A  |a 24  |w stu30197_0005 
996 |b 284V008292  |c V*44162/O-19234d  |l VVS  |s A  |a 24  |w stu30197_0006 
996 |b 284V021392  |c V*44163/O-19234e  |l VVS  |s A  |a 24  |w stu30197_0007 
996 |b 284V008293  |c V*44164/O-19234f  |l VVS  |s A  |a 24  |w stu30197_0008 
996 |b 284J034017  |c J*109817  |l JJK12  |s P  |a 0  |w stu30197_0009